The great secret : (Record no. 590341)

000 -LEADER
fixed length control field 02628cam a2200397 i 4500
001 - CONTROL NUMBER
control field 21537898
003 - CONTROL NUMBER IDENTIFIER
control field NUST
005 - DATE AND TIME OF LATEST TRANSACTION
control field 20220825110825.0
008 - FIXED-LENGTH DATA ELEMENTS--GENERAL INFORMATION
fixed length control field 200521s2020 nyuab b 001 0 eng
010 ## - LIBRARY OF CONGRESS CONTROL NUMBER
LC control number 2020016332
020 ## - INTERNATIONAL STANDARD BOOK NUMBER
International Standard Book Number 9781324002505
Qualifying information (hardcover)
020 ## - INTERNATIONAL STANDARD BOOK NUMBER
Canceled/invalid ISBN 9781324002512
Qualifying information (epub)
038 ## - RECORD CONTENT LICENSOR
Staff Name Azhar
040 ## - CATALOGING SOURCE
Original cataloging agency DLC
Language of cataloging eng
Transcribing agency DLC
Description conventions rda
Modifying agency DLC
042 ## - AUTHENTICATION CODE
Authentication code pcc
050 00 - LIBRARY OF CONGRESS CALL NUMBER
Classification number RM260
Item number .C63 2020
082 00 - DEWEY DECIMAL CLASSIFICATION NUMBER
Classification number 615.58
Edition number 23
Author Mark CON
100 1# - MAIN ENTRY--PERSONAL NAME
Personal name Conant, Jennet,
Relator term author.
9 (RLIN) 93698
245 14 - TITLE STATEMENT
Title The great secret :
Remainder of title the classified World War II disaster that launched the war on cancer
Statement of responsibility, etc. Jennet Conant.
250 ## - EDITION STATEMENT
Edition statement First edition.
260 ## - PUBLICATION, DISTRIBUTION, ETC.
Place of publication, distribution, etc. New York :
Name of publisher, distributor, etc. W. W. Norton & Company,
Date of publication, distribution, etc. 2020
300 ## - PHYSICAL DESCRIPTION
Extent xviii, 380 pages :
Other physical details illustrations, map ;
Dimensions 25 cm
336 ## - CONTENT TYPE
Content type term text
Content type code txt
Source rdacontent
337 ## - MEDIA TYPE
Media type term unmediated
Media type code n
Source rdamedia
338 ## - CARRIER TYPE
Carrier type term volume
Carrier type code nc
Source rdacarrier
504 ## - BIBLIOGRAPHY, ETC. NOTE
Bibliography, etc. note Includes bibliographical references (pages [362]-365) and index.
520 ## - SUMMARY, ETC.
Summary, etc. "The gripping story of a chemical weapons catastrophe, its cover-up, and how one army doctor's discovery led to the development of chemotherapy. On the night of December 2, 1943, the Luftwaffe bombed a critical Allied port in Bari, Italy, sinking seventeen ships and killing over a thousand servicemen and hundreds of civilians. Caught in the surprise air raid was the John Harvey, an American Liberty ship carrying a top-secret cargo of 2,000 mustard bombs to be used in retaliation if the Germans resorted to gas warfare. After young sailors began suddenly dying with mysterious symptoms, Lieutenant Colonel Stewart Alexander, a doctor and chemical weapons expert, was dispatched to investigate. He quickly diagnosed mustard gas exposure, which both Churchill and Eisenhower denied. But Alexander's breakthrough observations about the toxic effects of mustard on white blood cells, as well as the heroic perseverance of Colonel Cornelius P. Rhoads-a researcher and doctor as brilliant as he was arrogant and self-destructive- were instrumental in ushering in a new era of cancer research led by the Sloan Kettering Institute. The Great Secret is a remarkable story of how horrific tragedy gave birth to medical triumph"--
Assigning source Provided by publisher.
563 ## - BINDING INFORMATION
Binding note HB
650 #0 - SUBJECT ADDED ENTRY--TOPICAL TERM
Topical term or geographic name entry element Chemotherapy.
9 (RLIN) 93699
650 #0 - SUBJECT ADDED ENTRY--TOPICAL TERM
Topical term or geographic name entry element Cancer
General subdivision Treatment.
9 (RLIN) 93700
650 #0 - SUBJECT ADDED ENTRY--TOPICAL TERM
Topical term or geographic name entry element Cancer
General subdivision Research.
9 (RLIN) 93701
650 #0 - SUBJECT ADDED ENTRY--TOPICAL TERM
Topical term or geographic name entry element Mustard gas
General subdivision Toxicology.
9 (RLIN) 93702
906 ## - LOCAL DATA ELEMENT F, LDF (RLIN)
a 7
b cbc
c orignew
d 1
e ecip
f 20
g y-gencatlg
942 ## - ADDED ENTRY ELEMENTS (KOHA)
Source of classification or shelving scheme
Koha item type Lincoln Corner
Holdings
Withdrawn status Lost status Source of classification or shelving scheme Damaged status Not for loan Permanent Location Current Location Shelving location Date acquired Full call number Barcode Date last seen Price effective from Koha item type
          Central Library (CL) Central Library (CL) Lincoln Corner 07/19/2022 615.58 CON LC-116 07/19/2022 07/19/2022 Reference
© 2023 Central Library, National University of Sciences and Technology. All Rights Reserved.